Retrouvez ces joueurs de football #10 - Statistiques

Statistiques générales
  • Ce quiz a été pris 593 fois
  • Le résultat moyen est 7 sur 15
Statistiques - réponses
Par images Réponse % Correct
Gareth Bale
88%
Carlos Soler
82%
Steve Mandanda
82%
Emil Forsberg
65%
Kieran Tierney
57%
Yann Sommer
56%
Daley Blind
43%
Karl Toko Ekambi
43%
Lukas Podolski
41%
Abdou Diallo
40%
Andriy Yarmolenko
37%
Gervinho
35%
Goran Pandev
33%
Ismaël Bennacer
23%
Wilfried Ndidi
10%
Aucun quiz correspondant
Distribution des résultats
% des personnes avec chaque résultat
Percentile par nombre de réponses
Votre historique - résultats
Vous n’avez pas pris ce quiz